00354nam a2200133Ia 4500008004100000041000800041082001400049100001800063245004500081250001400126260003900140300003000179365001100209240624s9999 xx 000 0 und d aeng a332.6 RAG aRAGHUNATHAN V aSTOCK EXCHANGES INVESTMENTS AND DERIVATI a(3rd ed.) c2014aNew DelhibTata McGraw- Hill axxvii,468 : p. : cm. ; 24 cRSb33